000 01211nam a2200301 i 4500
003 EG-GICUC
005 20260204175429.0
008 260107s1982 ua |||fr|||| 00| 0 ara d
040 _a EG-GICUC
_bara
_c EG-GICUC
_d EG-GICUC
_erda
041 0 _aAra
082 0 4 _221
_a343.91
_bع ب . ن
092 0 4 _221
099 _aLaw1 10 343.91 ع ب . ن 1982
100 0 _aعبدالفتاح خضر
_eمؤلف.
245 1 2 _aالنظام الجنائى:
_bأسسه العامة فى الإتجاهات المعاصرة والفقه الإسلامى.
_nالجزء الأول /
_cتأليف الدكتور عبدالفتاح خضر.
264 3 _a[مكان النشر غير محدد] :
_bمطابع معهد الإدارة العامة ،
_c1982.
300 _a308 صفحة؛
_c24 سم.
336 _2rda content
_atext
337 _2rda media
_aComputer
338 _2rda carrier
_aOnline Resource
546 _aالنص باللغة العربية
650 1 _aالنظم الجنائية الإسلامية
_2qrmak
650 1 _aالقانون الجنائى
_2qrmak
651 1 _2qrmak
856 4 0 _uhttps://fll.law.cu.edu.eg/fulltext/bks/B10-07480.pdf
905 _a54
_eYara
942 _2ddc
_cBK
_e21
_n0
999 _c55168
_d55168